000 01506nam a2200373 a 4500
001 00127
003 DO-SdBNP
005 20160411125022.0
007 00127
008 160331b dr 2008 ||||| |||| 00| 0 spa d
020 _a9789945113242
040 _aBPMSU
_bspa
_cBPMSU
092 _a372.7
_bS237m 3ro, 2008
100 1 _aSantos, Altagracia
245 1 0 _aMatemáticas 3 :
_beducación básica /
_cAltagracia Santos ; editor Andrés Molina Maloon
260 _aSanto Domingo :
_bSantillana,
_c2008.
_g( v.1. reeimpresión 2011)
300 _a3v. :
_bil., retrs. ;
_c30 cm.
_e+ CD-ROM
490 1 _aCoral
505 0 _tUnidades de millar --
_tSuma y resta --
_tLa multiplicación --
_tLa división --
_tDecenas de millar --
_tLas fracciones --
_tUnidades de longitud --
_tEl tiempo y su medida --
_tÁrea --
_tÁngulos --
_tFiguras y cuerpos --
_tOtras medidas --
505 0 _gv.3 . Cuaderno
650 4 _aMATEMÁTICAS
_xENSEÑANZA ELEMENTAL
650 4 _aEDUCACIÓN PRIMARIA
_zREPÚBLICA DOMINICANA
650 4 _aMATEMÁTICAS
_xLIBROS DE TEXTOS
650 4 _aEDUCACIÓN PRIMARIA
_zREPÚBLICA DOMINICANA
650 4 _aMATEMÁTICAS
_xESTUDIOS Y EJERCICIOS
700 1 2 _aMolina Maloon, Andrés,
_eed.
830 0 _aCoral
910 _aValidado. Control de calidad MFF
930 1 _lBND01
_mLF1
_820150702
_f01
_pHD
_g49399
942 _2ddc
_cBK
956 _aYLOCKWARD
_b10
_c20150703
_lBND01
_h0946
956 _aVMATEO
_b10
_c20150706
_lBPMSU
_h00151
956 _aBTAVÁREZ
_b10
_c20160410
_lBPMSU
_h00127
999 _c7944
_d7944